Welcome to WEB OPAC of MRSPTU Central Library

Logistics and supply chain management (Record no. 5590)

MARC details
000 -LEADER
fixed length control field 00434nam a2200169Ia 4500
008 - FIXED-LENGTH DATA ELEMENTS--GENERAL INFORMATION
fixed length control field 230711s9999||||xx |||||||||||||| ||und||
020 ## - INTERNATIONAL STANDARD BOOK NUMBER
International Standard Book Number 978-93-5024-759-4
041 ## - LANGUAGE CODE
Language code of text/sound track or separate title ENG
082 ## - DEWEY DECIMAL CLASSIFICATION NUMBER
Classification number 658
Item number BH-L
100 ## - MAIN ENTRY--PERSONAL NAME
Personal name Bhat,K Shridhara
245 #0 - TITLE STATEMENT
Title Logistics and supply chain management
250 ## - EDITION STATEMENT
Edition statement 1st Ed.
260 ## - PUBLICATION, DISTRIBUTION, ETC.
Date of publication, distribution, etc. 2012
Place of publication, distribution, etc. Mumbai
Name of publisher, distributor, etc. Himalaya Publishing House
300 ## - PHYSICAL DESCRIPTION
Extent 598
650 ## - SUBJECT ADDED ENTRY--TOPICAL TERM
Topical term or geographic name entry element UNIVESITY BUSNIESS SCHOOL
942 ## - ADDED ENTRY ELEMENTS (KOHA)
Koha item type Book
Holdings
Withdrawn status Lost status Damaged status Not for loan Collection Home library Current library Date acquired Total checkouts Full call number Barcode Date last seen Price effective from Koha item type Date last checked out
          MRSPTU Central Library MRSPTU Central Library     658 BH-L 25351 08/17/2023 08/17/2023 Book  
          MRSPTU Central Library MRSPTU Central Library     658 BH-L 25352 08/17/2023 08/17/2023 Book  
          MRSPTU Central Library MRSPTU Central Library     658 BH-L 25353 08/17/2023 08/17/2023 Book  
          MRSPTU Central Library MRSPTU Central Library     658 BH-L 25354 08/17/2023 08/17/2023 Book  
          MRSPTU Central Library MRSPTU Central Library     658 BH-L 25355 08/17/2023 08/17/2023 Book  
          MRSPTU Central Library MRSPTU Central Library     658 BH-L 25356 08/17/2023 08/17/2023 Book  
          MRSPTU Central Library MRSPTU Central Library   1 658 BH-L 25357 10/25/2023 08/17/2023 Book 10/13/2023
          MRSPTU Central Library MRSPTU Central Library     658 BH-L 25358 08/17/2023 08/17/2023 Book  
          MRSPTU Central Library MRSPTU Central Library     658 BH-L 25359 08/17/2023 08/17/2023 Book  
          MRSPTU Central Library MRSPTU Central Library     658 BH-L 25360 08/17/2023 08/17/2023 Book  

Website Designed and Developed by MRSPTU Central Library Team

E-mail Id: librarian@mrsptu.ac.in